Clash of clans all buildings - Statistics

General Stats
  • This quiz has been taken 316 times
  • The average score is 36 of 57
Answer Stats
Hint Answer % Correct
Defence Cannon
99%
Defence Archer tower
97%
Trap Bomb
92%
Defence Wizard tower
91%
Defence Inferno tower
89%
Defence Mortar
89%
Defence X-bow
88%
Resource Gold mine
85%
Resource Gold storage
84%
Trap Spring trap
84%
Resource Elixir storage
81%
Trap Air bomb
80%
Offensive Barracks
80%
Resource Dark elixir storage
80%
Resource Elixir collector
80%
Defence Eagle artillery
79%
Trap Giant bomb
79%
Defence Hidden Tesla
79%
Resource Town hall
79%
Defence Air defense
78%
Resource Dark elixir drill
76%
Offensive Army camp
75%
Offensive Dark barracks
75%
Resource Clan castle
73%
Defence Bomb tower
72%
Offensive Spell factory
72%
Defence Wall
72%
Trap Seeking air mine
71%
Defence Scattershot
69%
Trap Tornado trap
69%
Defence Monolith
67%
Offensive Dark spell factory
65%
Trap Skeleton trap
64%
Offensive Hero hall
63%
Offensive Laboratory
63%
Defence Spell tower
63%
Defence Air sweeper
61%
Defence Builders hut
58%
Other Builders hut
58%
Defence Multi-archer tower
56%
Trap Giga bomb
54%
Defence Ricochet cannon
54%
Town hall Defence Giga tesla
52%
Town hall Defence Giga inferno
51%
Offensive Pet house
51%
Offensive Workshop
50%
Defence Fire spitter
47%
Offensive Blacksmith
44%
Defence Multi-gear tower
40%
Other Helper hut
35%
Town hall Defence Inferno artillery
27%
Offensive Hero banner
20%
Other B.o.bs hut
16%
Other Decorations
9%
Other Forge
9%
Other Loot cart
8%
Other Obstacles
6%
No matching quizzes found
Score Distribution
Percent of People with Each Score
Percentile by Number Answered
Your Score History
You have not taken this quiz